000 00293nam a22001337a 4500
008 171027b xxu||||| |||| 00| 0 eng d
020 _a0967471400
041 _aeng
080 _22ND
_a336
100 _a56
101 _aFIN
245 _a21ST CENTURY WEALTH
_cESPERTI,R.A
942 _2udc
_cBK
999 _c36267
_d36267